Culture Générale - Série 701 - Statistiques

Statistiques générales
  • Ce quiz a été pris 171 fois
  • Le résultat moyen est 8 sur 10
Statistiques - réponses
Question Réponse % Correct
Selon l'expression, une personne qui zozote a sur la langue un... cheveu
98%
Le tigron est le petit d'un tigre et d'une... lionne
92%
Quelle ville italienne accueille le festival du film où la plus haute récompense est un Lion d'or ? Venise
91%
Selon l'expression, de quel oiseau pratique-t-on la politique, lorsqu'on refuse de prendre conscience du danger ? L'autruche
90%
Quelle matière isolante, utilisée en construction mais désormais interdite pour sa nocivité, est faite de cristaux de silicate de magnésium et de calcium travaillés en fibres ? amiante
81%
Quel nom de ville de Bolivie est la traduction espagnole de "Sainte-Croix" ? Santa Cruz
81%
Quel prénom de "jolie" petite fille est aussi le titre d'un conte musical de Philippe Chatel ? Émilie
79%
Dans le dessin animé, quel est le nom du petit cochon meilleur ami de Winnie l'ourson ? Porcinet
73%
Complétez le titre du roman d'Emile Zola "La joie de ... vivre
56%
Luigi Pirandello a écrit la pièce : "Six personnages en quête... d'auteur
11%
Aucun quiz correspondant
Distribution des résultats
% des personnes avec chaque résultat
Percentile par nombre de réponses
Votre historique - résultats
Vous n’avez pas pris ce quiz